00699nam a2200181 i 450000100060000000300090000600500170001500700030003200800410003510000300007624501460010626000380025230000220029070000300031285200320034299900170037495201260039178464ES-MaACL20230906173718.0t|041014s1960 sp ||||1| spa d1 aHagmanier, George.96146210aOrientaciones actuales de Sicología pastoral b: técnicas modernas y conflictos emocionales / cpor George Hagmanier y Robert W. Gleason. aSantander : bSal Terrae, c1960. a508 p. ; c19 cm.1 aGleason, Robert W.957421 aES-MaACLjC-20214 bR.48502 c78464d78464 00104070aATENEOMbATENEOMcGaleríad2008-01-17eSCl0oC-20214p1082072r2023-02-23 00:00:00w2023-02-23yMONOGRAFIA